000
00292nam a2200109Ia 4500
008
200302s9999 xx 000 0 und d
100
_a
J. P. M. Pannell
245
_a
Man the Builder An Illustrated History of Engineering
260
_b
Thames and Hudson Ltd.
260
_c
1977
300
_a
252 P.,
999
_c
151
_d
151